| 000 | 01954cam a2200397 i 4500 | ||
|---|---|---|---|
| 999 |
_c1873 _d1873 |
||
| 001 | 18583876 | ||
| 003 | OSt | ||
| 005 | 20230213120405.0 | ||
| 008 | 150420s2015 onca j b 001 0 eng c | ||
| 010 | _a 2015015335 | ||
| 020 | _a9780778718888 (reinforced library binding : alk. paper) | ||
| 020 | _a9780778719137 (pbk. : alk. paper) | ||
| 040 |
_aNJQ/DLC _beng _cNJQ _erda _dDLC _dKH8 |
||
| 042 | _apcc | ||
| 082 | 0 | 4 |
_a531 LAW _223 |
| 100 | 1 |
_aLaw, Felicia, _eauthor. |
|
| 245 | 1 | 0 |
_aStone Age science : _benergy and movement / _cFelicia Law & Gerry Bailey ; illustrated by Mike Phillips. |
| 264 | 1 |
_aSt. Catharines, ON ; _aNew York, NY : _bCrabtree Publishing Company, _c[2015] |
|
| 300 |
_a32 pages : _bcolor illustrations ; _c27 cm. |
||
| 336 |
_atext _2rdacontent |
||
| 337 |
_aunmediated _2rdamedia |
||
| 338 |
_avolume _2rdacarrier |
||
| 490 | 0 | _aStone Age science | |
| 504 | _aIncludes bibliographical references and index. | ||
| 520 |
_a"Leo teaches his cat Pallas all about energy and movement by applying his knowledge of science to their stone age world. Engaging illustrations and stories provide a fun introduction to science concepts, including wind energy, air resistance, creating electricity, and more. Information boxes accompany each story to explore real applications of energy and movement in the natural and designed world."-- _cProvided by publisher. |
||
| 521 | 1 | _aAges 10-13. | |
| 521 | 2 | _aGrades 4 to 6. | |
| 650 | 0 |
_aForce and energy _vJuvenile literature. |
|
| 650 | 0 |
_aDynamics _vJuvenile literature. |
|
| 650 | 0 |
_aPhysics _vJuvenile literature. |
|
| 700 | 1 |
_aBailey, Gerry, _d1945- _eauthor. |
|
| 700 | 1 |
_aPhillips, Mike, _d1961- _eillustrator. |
|
| 906 |
_a7 _bcbc _corignew _d1 _eecip _f20 _gy-gencatlg |
||
| 942 |
_2ddc _cNFIC |
||